Nouvelle histoire universelle depuis l'antiquité jusqu'à nos jours. t.III

Uloženo v:
Podrobná bibliografie
Médium: Sách giấy
Vydáno: Paris : Hachette , 1924
Tagy: Přidat tag
Žádné tagy, Buďte první, kdo otaguje tento záznam!
Thư viện lưu trữ: Thư viện Trường Đại học Đà Lạt
LEADER 00578nam a2200253 4500
001 DLU020018812
005 ##10/12/2001
020 # # |a 978- 
041 # # |f re 
082 # # |a 909  |b MA-A 
090 # # |a 909  |b MA-A 
245 # # |a Nouvelle histoire universelle depuis l'antiquité jusqu'à nos jours.  |n t.III 
260 # # |a Paris :  |b Hachette ,  |c 1924 
300 # # |a 466 tr.;   |c 31 cm. 
992 # # |a 0 
994 # # |a DLU 
998 # # |a TK 
900 # # |a False 
911 # # |a Administrator 
925 # # |a G 
926 # # |a A 
927 # # |a SH 
980 # # |a Thư viện Trường Đại học Đà Lạt